NBA All Time Personal Foul Leaders - Statistics

General Stats
  • This quiz has been taken 4 times
  • The average score is 10 of 20
Answer Stats
# Of Fouls Player % Correct
4175 Clifford Robinson
100%
4657 Kareem Abdul-Jabbar
100%
4146 Shaquille O'Neal
100%
3912 Dwight Howard
75%
4383 Hakeem Olajuwon
75%
4578 Karl Malone
75%
4034 Patrick Ewing
75%
4443 Robert parish
75%
3995 Vince Carter
75%
4193 Elvin Hayes
50%
3879 Jack Sikma
50%
3942 John Stockton
50%
4529 Artis Gilmore
25%
4267 Buck Williams
25%
4172 Kevin Willis
25%
4436 Caldwell Jones
0%
4421 Charles Oakley
0%
3855 Hal Greer
0%
4042 James Edwards
0%
4146 Otis Thorpe
0%
No matching quizzes found
Score Distribution
Percent of People with Each Score
Percentile by Number Answered
Your Score History
You have not taken this quiz